| 000 | 01081pam a2200325 a 4500 | ||
|---|---|---|---|
| 001 | 6930 | ||
| 003 | FISKH | ||
| 005 | 20250610114217.0 | ||
| 008 | 871030s1988 nyua j 000 1 eng | ||
| 010 | _a 87028927 | ||
| 020 | _a0670814571 (lib. bdg.) : | ||
| 020 | _a9780140506693 | ||
| 040 |
_aDLC _cDLC _dDLC _beng |
||
| 050 | _aPZ7.G3626 R | ||
| 082 | _a314 | ||
| 100 | 1 | _aGiff, Patricia Reilly. | |
| 245 | 1 | 0 |
_aRonald Morgan goes to bat / _cby Patricia Reilly Giff ; illustrated by Susanna Natti. |
| 260 |
_aNew York : _bViking Kestrel, _c1988. |
||
| 300 |
_a31 pages : _bcolor illustrations ; _c23 cm |
||
| 500 | _a"Ages 3-8"--Cover. | ||
| 505 | _aG | ||
| 520 | _aAlthough he can't hit or catch, Ronald Morgan loves to play baseball; but he's got a lot of spirit and with a little practice maybe that's all he'll need. | ||
| 521 | 8 |
_a410
_bLexile |
|
| 521 | 8 |
_aG
_bRaz-Plus |
|
| 650 | 1 |
_aBaseball _xFiction. |
|
| 700 | 1 |
_aNatti, Susanna, _eillustraions |
|
| 906 |
_a7 _bcbc _corignew _d1 _eocip _f19 _gy-gencatlg |
||
| 942 |
_2ddc _cBK _n0 |
||
| 999 |
_c6930 _d6930 |
||